00517 2200181 4500245011100000020002200111250001100133700001800144700001000162650002200172650001700194005001900211260004700230041001400277084001200291300002300303336000900326 aBeragam Bukan Seragam b : Panduan Praktis Menumbuhkan Rasa Kebangsaan dan KeragamancDoni KoesoemahText a978-602-8740-37-1 aCet. 1 aDoni Koesoema aNonoy aPengembangan Diri aNasionalisme a20250123143648 aTangerang SelatanbPenerbit literatic2014 aIndonesia a153.152 a160 hlm. :c23 cm. atext